Most Populated Counties In the U.K. - Statistics

General Stats
  • This quiz has been taken 39 times
  • The average score is 10 of 15
Answer Stats
Population County % Correct
2,980,936 West Midlands
81%
1,896,590 Essex
78%
8,945,309 Greater London
78%
1,897,051 Kent
78%
2,402,161 West Yorkshire
78%
1,407,072 South Yorkshire
75%
1,570,373 Lancashire
69%
1,456,562 Merseyside
69%
2,948,633 Greater Manchester
67%
1,173,770 Nottinghamshire
64%
1,894,966 Hampshire
58%
1,228,671 Surrey
56%
1,241,629 Devon
50%
1,153,212 Tyne and Wear
42%
1,161,678 Staffordshire
28%
No matching quizzes found
Score Distribution
Percent of People with Each Score
Percentile by Number Answered
Your Score History
You have not taken this quiz